<?xml version="1.0" encoding="UTF-8"?>
<record
    xmlns:xsi="http://www.w3.org/2001/XMLSchema-instance"
    xsi:schemaLocation="http://www.loc.gov/MARC21/slim http://www.loc.gov/standards/marcxml/schema/MARC21slim.xsd"
    xmlns="http://www.loc.gov/MARC21/slim">

  <leader>00261nam a2200121Ia 4500</leader>
  <controlfield tag="008">221102s9999    xx            000 0 und d</controlfield>
  <datafield tag="041" ind1=" " ind2=" ">
    <subfield code="a">eng</subfield>
  </datafield>
  <datafield tag="082" ind1=" " ind2=" ">
    <subfield code="b">Ram</subfield>
  </datafield>
  <datafield tag="100" ind1=" " ind2=" ">
    <subfield code="a">Ramji  Lall</subfield>
  </datafield>
  <datafield tag="245" ind1=" " ind2=" ">
    <subfield code="a">Hamlet</subfield>
  </datafield>
  <datafield tag="250" ind1=" " ind2=" ">
    <subfield code="a">27</subfield>
  </datafield>
  <datafield tag="260" ind1=" " ind2=" ">
    <subfield code="b">Rama  Brothers</subfield>
    <subfield code="c">1905-07-03</subfield>
  </datafield>
  <datafield tag="999" ind1=" " ind2=" ">
    <subfield code="c">82020</subfield>
    <subfield code="d">82020</subfield>
  </datafield>
  <datafield tag="952" ind1=" " ind2=" ">
    <subfield code="0">0</subfield>
    <subfield code="1">0</subfield>
    <subfield code="4">0</subfield>
    <subfield code="7">0</subfield>
    <subfield code="8">BA</subfield>
    <subfield code="a">BCAS</subfield>
    <subfield code="b">BCAS</subfield>
    <subfield code="d">2021-07-27</subfield>
    <subfield code="o">RAM</subfield>
    <subfield code="p">BCAS-B-561</subfield>
    <subfield code="r">2022-11-04 00:00:00</subfield>
    <subfield code="w">2022-11-04</subfield>
    <subfield code="y">BK</subfield>
    <subfield code="z">B00561</subfield>
  </datafield>
  <datafield tag="952" ind1=" " ind2=" ">
    <subfield code="0">0</subfield>
    <subfield code="1">0</subfield>
    <subfield code="4">0</subfield>
    <subfield code="7">0</subfield>
    <subfield code="8">BA</subfield>
    <subfield code="a">BCAS</subfield>
    <subfield code="b">BCAS</subfield>
    <subfield code="d">2021-07-27</subfield>
    <subfield code="l">1</subfield>
    <subfield code="o">RAM</subfield>
    <subfield code="p">BCAS-B-562</subfield>
    <subfield code="r">2024-01-03 00:00:00</subfield>
    <subfield code="s">2023-12-30</subfield>
    <subfield code="w">2022-11-04</subfield>
    <subfield code="y">BK</subfield>
    <subfield code="z">B00562</subfield>
  </datafield>
  <datafield tag="952" ind1=" " ind2=" ">
    <subfield code="0">0</subfield>
    <subfield code="1">0</subfield>
    <subfield code="4">0</subfield>
    <subfield code="7">0</subfield>
    <subfield code="8">BA</subfield>
    <subfield code="a">BCAS</subfield>
    <subfield code="b">BCAS</subfield>
    <subfield code="d">2021-08-02</subfield>
    <subfield code="o">822.33 RAM</subfield>
    <subfield code="p">BCAS-B-602</subfield>
    <subfield code="r">2022-11-04 00:00:00</subfield>
    <subfield code="w">2022-11-04</subfield>
    <subfield code="y">BK</subfield>
    <subfield code="z">B00602</subfield>
  </datafield>
  <datafield tag="952" ind1=" " ind2=" ">
    <subfield code="0">0</subfield>
    <subfield code="1">0</subfield>
    <subfield code="4">0</subfield>
    <subfield code="7">0</subfield>
    <subfield code="8">BA</subfield>
    <subfield code="a">BCAS</subfield>
    <subfield code="b">BCAS</subfield>
    <subfield code="d">2021-08-02</subfield>
    <subfield code="o">822.33 RAM</subfield>
    <subfield code="p">BCAS-B-603</subfield>
    <subfield code="r">2022-11-04 00:00:00</subfield>
    <subfield code="w">2022-11-04</subfield>
    <subfield code="y">BK</subfield>
    <subfield code="z">B00603</subfield>
  </datafield>
</record>
